Statistics for Taylor Swift - The Lucky One Lyrics

Click here to take the quiz!

General Stats

  • This quiz has been taken 55 times
  • The average score is 286 of 337

Answer Stats

Answer% Correct
a
97%
and
97%
And
97%
I
97%
in
97%
In
97%
lucky
97%
on
97%
one
97%
one?
97%
the
97%
You
97%
you
97%
but
94%
But
94%
up
94%
your
94%
you're
94%
don't
91%
out
91%
so
91%
So
91%
tell
91%
They
91%
they
91%
can
88%
it
88%
It
88%
just
88%
New
88%
now
88%
to
88%
lights
85%
name
85%
Oh
85%
oh
85%
that
85%
Yeah
85%
feel
82%
got
82%
me
82%
my
82%
of
82%
pretty
82%
they'll
82%
used
82%
everybody
79%
Everybody
79%
figured
79%
had
79%
how
79%
How
79%
know
79%
right
79%
school
79%
were
79%
with
79%
'Cause
76%
confused
76%
cool
76%
like
76%
Like
76%
loves
76%
made
76%
make
76%
over
76%
since
76%
town
76%
chasing
74%
city
74%
fame
74%
fortune
74%
if
74%
is
74%
look
74%
Madison
74%
some
74%
Square
74%
still
74%
take
74%
think
74%
time
74%
took
74%
dream
71%
even
71%
flashes
71%
garden
71%
goes
71%
hell
71%
line
71%
place
71%
rose
71%
say
71%
alive
68%
angel's
68%
camera
68%
diamonds
68%
doesn't
68%
front
68%
it's
68%
page
68%
queen
68%
sky
68%
wonder
68%
you'll
68%
young
68%
all
65%
Chose
65%
money
65%
news
65%
somewhere
65%
big
62%
bought
62%
dignity
62%
end
62%
few
62%
foyer
62%
here
62%
land
62%
legend
62%
lover
62%
overnight
62%
Riviera
62%
secrets
62%
understand
62%
years
62%
black
59%
bunch
59%
disappeared
59%
later
59%
splashed
59%
things
59%
was
59%
cars
56%
sixties
56%
Another
53%
showed
53%
views
53%
Let
50%
whoa
44%

Score Distribution

Percentile by Number Answered

Percent of People with Each Score

Your Score History

You have not taken this quiz